| 000 | 01226nam a2200313 a 4500 | ||
|---|---|---|---|
| 001 | 24317 | ||
| 003 | Mx-PuUPA | ||
| 005 | 20250509091513.0 | ||
| 008 | 140415s2002 mx a gr 001 0 mul d | ||
| 040 |
_aMx-PuUPA _bspa _cMx-PuUPA _dMx-PuUPA _erda |
||
| 041 | 1 |
_aspa _acai _hnah |
|
| 100 | 1 |
_aValeriano, Antonio, _dapproximately 1520-1605 _9308 |
|
| 240 | 1 | 0 |
_aNican Mopohua. _lEspañol |
| 245 | 1 | 0 |
_aJe regá rikínare Guadalupe = _basí descendió Guadalupe. Versión rarámuri del Nican Mopohua / _cAntonio Valeriano ; Patricio Parra, traductor |
| 260 |
_a[s.l.] : _bG. ADRIANA VELAZQUEZ GONZALEZ, _c1998 |
||
| 264 | 3 |
_aSisoguchi, Chihuahua : _bEdiciones diocesanas de la Tarahumara, _c2002 |
|
| 300 | _a77 páginas | ||
| 336 |
_2rdacontent _atexto _btxt |
||
| 337 |
_2rdamedia _asin medio _bn |
||
| 338 |
_2rdacarrier _avolumen _bnc |
||
| 546 | _aTexto en español y rarámuri (tarahumara). | ||
| 650 | 7 |
_2armarc _aGuadalupe, Virgen de _xApariciones y milagros |
|
| 650 | 7 |
_2armarc _aVirgen María _xApariciones y milagros |
|
| 700 | 1 |
_aParra, Patricio, _dtraductor |
|
| 765 | 1 |
_aValeriano, Antonio _tNican mopohua _d[1649] |
|
| 942 |
_2ddc _cLI _hV3519 |
||
| 999 |
_c24317 _d24317 |
||